| 000 | 01130nam0a2200337 4500 | ||
|---|---|---|---|
| 001 | RU\NLR\bibl\1801198 | ||
| 005 | 20260405233842.0 | ||
| 010 |
_a978-5-904478-12-4 _9200 |
||
| 021 |
_aRU _b2011-56807 _94027 |
||
| 035 | _a(nilc)LIBNET\0000151096 | ||
| 035 | _a(NLR Aleph) 001791862 | ||
| 090 |
_a1762449 _c1762449 |
||
| 100 | _a20110727d2011 |||y0rusy50 ca | ||
| 101 | 0 | _arus | |
| 102 | _aRU | ||
| 105 | _ay ||||||||| | ||
| 200 | 1 |
_aНедопущенное к продаже _eстихи _fЕгор Сергеев |
|
| 210 |
_aПетрозаводск _cСеверное сияние _d2011 |
||
| 215 |
_a46 с. _d21 |
||
| 686 |
_a84(2Рос=Рус)6-5 _vLBC/RL _2rubbk |
||
| 686 |
_a84(2Рос.Кар)6-5 _vLBC/RL _2rubbk |
||
| 686 | _aШ6(2=Р)8-5 | ||
| 700 | 1 |
_4070 _8rus _7ca _aСергеев _bЕ. А. _cпоэт _f1991- _gЕгор Артемович _3RU\NLR\auth\77107538 _990463 |
|
| 801 | 0 |
_aRU _bНБР Карелия _c20110727 _grcr |
|
| 801 | 1 |
_aRU _bНБР Карелия _c20110727 |
|
| 801 | 2 |
_aRU _bNLR _c20110823 _grcr |
|
| 942 | _cBOOK | ||
| 980 | _aNB | ||
| 980 | _aNBR | ||